Úspešný výber poistného Sociálna poisťovňa, pobočka Stará Ľubovňa

Bibliographic Details
Main Author: Timočko, Peter (Author)
Format: Article
Language:Slovak
PhysicalDescription:Tab.
ISSN:1335-4795
Subjects:

MARC

LEADER 00000nab a2200000 ar4500
001 vtls008954616
003 SK-MaSNL
005 20260303070325.0
008 070313c2006 xo mr|p|||||||000 b|slo
015 |a SNBRB2007/03  |2 snkbucl 
038 |a SNKBUCL 
040 |a SNKBUCL  |b slo  |c SNKBUCL  |e AACR2 
041 0 |a slo 
044 |a xo  |c SK 
080 |a 364-3  |x (437.6)  |2 2001 
100 1 |a Timočko, Peter  |4 aut  |9 900948 
245 1 0 |a Úspešný výber poistného  |b Sociálna poisťovňa, pobočka Stará Ľubovňa  |c Peter Timočko 
300 |b Tab. 
610 2 7 |a Sociálna poisťovňa (Slovensko).  |b Pobočka Stará Ľubovňa  |2 snkbucl  |9 59433 
651 7 |a Stará Ľubovňa (Slovensko)  |2 snkbucl  |9 19193 
773 0 |t Národné poistenie  |g Roč. XXXVIII, č. 12 (2006), s. 17  |x 1335-4795 
852 |a SNK  |b KIS3GCP 
958 |a SK 
999 |c 1754879  |d 1756809